[Event "IECC O email"]
[Site "IECC email"]
[Date "2002.06.03"]
[Round "?"]
[White "Caudill, Tommy A"]
[Black "Brour, Harry"]
[Result "1-0"]
[WhiteElo "1221"]
[BlackElo "1200"]
[PlyCount "27"]
[EventDate "2002.??.??"]
[EventType "tourn (corr)"]
[EventRounds "6"]
[SourceTitle "Corr 2008"]
[Source "ChessBase"]
[SourceDate "2008.06.24"]
[SourceVersion "1"]
[SourceVersionDate "2008.06.24"]
[SourceQuality "1"]

1. Nf3 d5 2. g3 Nf6 3. Bg2 c6 4. 0-0 Bg4 5. b3 Bxf3 6. exf3 e5 7. Re1 Be7 8. Rxe5 0-0 9. d4 Nbd7 10. Re2 Bd6 11. Bb2 Qc7 12. c4 h5 13. c5 h4 14. cxd6 1-0